000 01589nam a2200325 i 4500
001 000029049
003 DO-SdBNP
005 20250731095447.0
007 ta
008 110413s19982000dr r 001 0 spa d
040 _aDO-SdBNP
_bspa
_cBNPHU
_erda
041 _aspa
082 4 _a348.729302
_bR426c
_222
110 2 _aRepública Dominicana.
_bSuprema Corte de Justicia
_97906
245 1 0 _aColección judicial.
264 _aSanto Domingo :
_bSuprema Corte de Justicia,
_c1998-2000.
300 _avolúmenes ;
_c22 cm.
336 _atexto
_btxt
_2rdacontent
337 _asin mediación
_bn
_2rdamedia
338 _avolumen
_bnc
_2rdacarrier
490 1 _aJudicial
_aSerie "B" legislativa
500 _aLa biblioteca posee los v.1-v.4
505 0 _gv. 1.
_tLeyes diversas de interés general 1994-1998 --
_gv. 2.
_tConstitución de la República y leyes diversas de interés general --
_gv.3.
_tLegislación sobre : procedimiento de casación no.3726 ;
_tDivorcio no.1306-bis ;
_tControl de alquileres de casas y desahucios, decreto no.4807 ;
_tFomento agrícola no. 6186 ;
_tViajes ilegales no. 344-98 ;
_tReclusión mayor y reclusión menor no. 46-99 --
_gv. 4.
_tLey de carrera judicial no. 327-98 ;
_tLey general de reforma de la empresa pública no.141-97 ;
_tLeyes no. 374-98, 86-99, 80-99 y 114-99.
590 _aInventariado, 2018/BT
650 4 _aAdministración de justicia
_zRepública Dominicana
_910274
650 4 _aLeyes
_zRepública Dominicana
_93033
830 0 _aJudicial
_pSerie "B" legislativa
_955961
910 _aValidado. Control de calidad. EMS
942 _2ddc
_cLBS1
999 _c28541
_d28541